000 00291cam a22001097a 4500
008 180718b-- xxu||||| |||| 00| 0 eng d
082 _aA45:U61 ONGC
100 _aOil and Natural Gas Commission
245 _aAnnual report
260 _aNew Delhi
_bThe author
_c--
500 _aLibrary has 2005/06
999 _c502514
_d502514